Science Quiz

Random Science or Astronomy Quiz

Astronomy Terms Quiz Stats

 Plays Quiz not verified by Sporcle

Challenge
Share
Tweet
Embed
Score 0/16 Timer 05:00
0 Plays Today
Description Term % Correct
A layer of gas that surrounds a planet or moonAtmosphere
89%
85.4%
An object that orbits a planetMoon
82.5%
The nearest large spiral galaxy to the Milky WayAndromeda Galaxy
82.3%
A huge collection of anywhere from a few hundred million to more than a trillion stars, all bound together by gravityGalaxy
78.3%
A relatively small, icy object that orbits a starComet
77.1%
Name sometimes given to energy that could be causing the expansion of the universe to accelerateDark Energy
66.9%
An object orbiting another objectSatellite
59.8%
Description Term % Correct
The process in which a larger nucleus splits into two or more smaller particlesNuclear fission
59.3%
The speed necessary for an object to completely escape the gravity of a large bodyEscape Velocity
59.1%
A forming star that has not yet reached the point where sustained fusion can occur in its coreProtostar
36.7%
A gas consisting of ions and electronsPlasma
36.4%
The spherical region surrounding the disk of a spiral galaxyHalo
29.1%
The total power output of an objectLuminosity
24.3%
Direction around the horizon from due north, measured clockwise in degreesAzimuth
20.9%
Particles, including protons and neutrons, that are made from three quarksBaryons
19%

You're not logged in!

Compare scores with friends on all Sporcle quizzes.
Join for Free
OR
Log In

You Might Also Like...

Show Comments

Extras

Created Apr 11, 2010ReportNominate
Tags:Astronomy Quiz, description, term

Top Quizzes Today


Score Distribution

Your Account Isn't Verified!

In order to create a playlist on Sporcle, you need to verify the email address you used during registration. Go to your Sporcle Settings to finish the process.

Report this User

Report this user for behavior that violates our Community Guidelines.

Details: